[Event "Madrid ch 2021-2022 - Previa A"]
[Site "Madrid ESP"]
[Date "2022.03.16"]
[Round "6.9"]
[White "Cujba, Anca-Claudia"]
[Black "Martin Sanchez, Pablo"]
[Result "1-0"]
[WhiteElo "1657"]
[BlackElo "1766"]
[PlyCount "94"]
[EventDate "2022.03.07"]
[EventType "swiss"]
[EventRounds "9"]
[EventCountry "ESP"]
[SourceTitle "Ajedrez en Madrid"]
[Source "lmi"]
[SourceDate "2022.03.07"]
[SourceVersion "1"]
[SourceVersionDate "2022.04.04"]
[SourceQuality "1"]

1. d4 d5 2. Bf4 Nc6 3. e3 Nf6 4. a3 e6 5. Nf3 Be7 6. Be2 O-O 7. c4 dxc4 8. Bxc4
Nd5 9. Bg3 Bf6 10. Qc2 Bd7 11. Bd3 g6 12. Nc3 Rc8 13. h4 Nce7 14. Be5 Bg7 15.
Bxg7 Kxg7 16. b4 a6 17. h5 Nf6 18. h6+ Kg8 19. e4 c6 20. Qb2 Ne8 21. g4 Qc7 22.
Ne5 Rd8 23. Ne2 Bc8 24. Rd1 Qb6 25. Nc4 Qa7 26. f4 f6 27. Qa2 Kh8 28. g5 fxg5
29. fxg5 Rxd4 30. Nxd4 Qxd4 31. Qa1 Qxa1 32. Rxa1 Nc7 33. Nd6 Nb5 34. Nxb5 axb5
35. Ke2 e5 36. Rhf1 Re8 37. Bc2 Be6 38. Ke3 Nc8 39. Rad1 Nb6 40. Kf2 Kg8 41.
Kg3 Nd7 42. a4 bxa4 43. Bxa4 Nb6 44. Bc2 Nc4 45. Rf3 b5 46. Bb3 Rc8 47. Rf6 Bf7
1-0

[Event "Madrid ch 2021-2022 - Previa A"]
[Site "Madrid ESP"]
[Date "2022.03.16"]
[Round "6.10"]
[White "Lopez Heras, Arturo"]
[Black "Garcia Gonzalez, Pedro A."]
[Result "1-0"]
[WhiteElo "1757"]
[BlackElo "1710"]
[PlyCount "61"]
[EventDate "2022.03.07"]
[EventType "swiss"]
[EventRounds "9"]
[EventCountry "ESP"]
[SourceTitle "Ajedrez en Madrid"]
[Source "lmi"]
[SourceDate "2022.03.07"]
[SourceVersion "1"]
[SourceVersionDate "2022.04.04"]
[SourceQuality "1"]

1. e4 e5 2. Nf3 Nc6 3. d4 exd4 4. Bc4 Nf6 5. e5 d5 6. Bb5 Ne4 7. O-O Bd7 8.
Bxc6 bxc6 9. Nxd4 Be7 10. Nd2 Ng5 11. N2f3 Ne4 12. Nd2 c5 13. Nxe4 cxd4 14. Ng3
c5 15. Qf3 Be6 16. Nf5 Bxf5 17. Qxf5 Qd7 18. Qd3 O-O 19. f4 f6 20. Bd2 Rab8 21.
b3 Rb6 22. Rae1 fxe5 23. fxe5 Rg6 24. Rxf8+ Bxf8 25. Rf1 Qe6 26. Qf3 Be7 27. h4
h6 28. h5 Rg4 29. Qh3 Bg5 30. Bxg5 hxg5 31. Rf3 1-0

[Event "Madrid ch 2021-2022 - Previa A"]
[Site "Madrid ESP"]
[Date "2022.03.16"]
[Round "6.11"]
[White "Sanchez Arriola, Ignacio"]
[Black "Fernandez Rios, Jose Francisco"]
[Result "1/2-1/2"]
[WhiteElo "1596"]
[BlackElo "1753"]
[PlyCount "81"]
[EventDate "2022.03.07"]
[EventType "swiss"]
[EventRounds "9"]
[EventCountry "ESP"]
[SourceTitle "Ajedrez en Madrid"]
[Source "lmi"]
[SourceDate "2022.03.07"]
[SourceVersion "1"]
[SourceVersionDate "2022.04.04"]
[SourceQuality "1"]

1. d4 Nf6 2. Bf4 e6 3. e3 c5 4. c3 cxd4 5. exd4 Be7 6. Nf3 b6 7. Nbd2 Bb7 8.
Bd3 d6 9. Qe2 Nbd7 10. O-O O-O 11. h3 Re8 12. Ne4 Nxe4 13. Bxe4 Bxe4 14. Qxe4
Nf6 15. Qc2 b5 16. a3 d5 17. Nd2 h6 18. Rfe1 Bd6 19. Bxd6 Qxd6 20. Qd3 Rab8 21.
Re3 Rec8 22. Rae1 a5 23. Rc1 b4 24. axb4 axb4 25. c4 dxc4 26. Nxc4 Qa6 27. b3
Nd5 28. Ree1 Ra8 29. Rb1 Nc3 30. Rb2 Rd8 31. Re5 Qa7 32. Rd2 Qc7 33. g3 Ra1+
34. Kg2 Qc6+ 35. f3 Rd5 36. Ne3 Rda5 37. Rxa5 Rxa5 38. Nc4 Ra1 39. Ne3 Rb1 40.
Nc4 Qa6 41. Rb2 1/2-1/2

[Event "Madrid ch 2021-2022 - Previa A"]
[Site "Madrid ESP"]
[Date "2022.03.16"]
[Round "6.12"]
[White "Ramos Antona, Enrique"]
[Black "Guardiola Sevilla, Antonio"]
[Result "0-1"]
[WhiteElo "1512"]
[BlackElo "1733"]
[PlyCount "90"]
[EventDate "2022.03.07"]
[EventType "swiss"]
[EventRounds "9"]
[EventCountry "ESP"]
[SourceTitle "Ajedrez en Madrid"]
[Source "lmi"]
[SourceDate "2022.03.07"]
[SourceVersion "1"]
[SourceVersionDate "2022.04.04"]
[SourceQuality "1"]

1. d4 Nf6 2. c4 g6 3. g3 Bg7 4. Bg2 c5 5. e3 O-O 6. Nc3 e6 7. Nge2 cxd4 8. exd4
d5 9. Qb3 Nc6 10. O-O dxc4 11. Qxc4 Bd7 12. Bg5 Rc8 13. Qd3 Qa5 14. Bxf6 Bxf6
15. Ne4 Be7 16. a3 Qb6 17. b4 Rfd8 18. Qe3 Be8 19. Nc5 Bf6 20. Rfd1 Qc7 21.
Nxe6 fxe6 22. Qxe6+ Qf7 23. Bh3 Bd7 24. Qxf7+ Kxf7 25. Bg2 Bg4 26. f3 Be6 27.
Rac1 Nxd4 28. Kf1 Nxe2 29. Kxe2 Rxc1 30. Rxc1 Bb2 31. Rc7+ Rd7 32. Rxd7+ Bxd7
33. f4 b5 34. Bd5+ Kf6 35. h3 Bxa3 36. g4 Bxb4 37. Be4 a5 38. Kd3 Bd6 39. g5+
Kg7 40. Ke3 Bxh3 41. Bc6 Bf1 42. Be4 a4 43. f5 gxf5 44. Bxf5 a3 45. Bb1 Bc4 0-1

[Event "Madrid ch 2021-2022 - Previa A"]
[Site "Madrid ESP"]
[Date "2022.03.16"]
[Round "6.13"]
[White "De Fuenmayor Fernandez de la , Carlos Pablo"]
[Black "Aquilino Rodriguez, Virgilio"]
[Result "1-0"]
[WhiteElo "1432"]
[BlackElo "1541"]
[PlyCount "63"]
[EventDate "2022.03.07"]
[EventType "swiss"]
[EventRounds "9"]
[EventCountry "ESP"]
[SourceTitle "Ajedrez en Madrid"]
[Source "lmi"]
[SourceDate "2022.03.07"]
[SourceVersion "1"]
[SourceVersionDate "2022.04.04"]
[SourceQuality "1"]

1. e4 c5 2. c3 g6 3. d4 cxd4 4. cxd4 Bg7 5. Nf3 Nf6 6. Nc3 O-O 7. e5 Ne8 8. Bc4
e6 9. Bf4 d5 10. Bb3 Nc6 11. Qd2 a6 12. Bh6 Qb6 13. Bxg7 Kxg7 14. h4 h6 15. h5
g5 16. O-O f5 17. Rfb1 g4 18. Nh4 Qxd4 19. Qxd4 Nxd4 20. Ng6 Nxb3 21. axb3 Rf7
22. Na4 b5 23. Nc5 f4 24. b4 Nc7 25. f3 g3 26. Nd3 d4 27. Ndxf4 Nd5 28. Ne2
Nxb4 29. Nxd4 Nd5 30. Rc1 Nf4 31. Nxf4 Rxf4 32. Rxc8 1-0

[Event "Madrid ch 2021-2022 - Previa A"]
[Site "Madrid ESP"]
[Date "2022.03.16"]
[Round "6.14"]
[White "Esteban Amo, Jose M."]
[Black "Sanchez Liso, Juan A"]
[Result "1-0"]
[WhiteElo "1874"]
[BlackElo "1418"]
[PlyCount "111"]
[EventDate "2022.03.07"]
[EventType "swiss"]
[EventRounds "9"]
[EventCountry "ESP"]
[SourceTitle "Ajedrez en Madrid"]
[Source "lmi"]
[SourceDate "2022.03.07"]
[SourceVersion "1"]
[SourceVersionDate "2022.04.04"]
[SourceQuality "1"]

1. d4 Nf6 2. Nf3 g6 3. Bg5 Bg7 4. Nbd2 O-O 5. c3 d5 6. e3 Nbd7 7. Bd3 Re8 8.
O-O e5 9. dxe5 Nxe5 10. Nxe5 Rxe5 11. Bf4 Re8 12. h3 c5 13. Nf3 Qb6 14. Rb1 Ne4
15. Qc1 Bf5 16. Nh4 Bd7 17. Nf3 Rac8 18. Nd2 Nxd2 19. Qxd2 Qf6 20. Rbd1 Bc6 21.
Rfe1 Rcd8 22. Bf1 d4 23. exd4 Rxe1 24. Rxe1 cxd4 25. Bg5 Qd6 26. Bxd8 Qxd8 27.
cxd4 Qd5 28. b3 a5 29. Rd1 Bf8 30. Qd3 b5 31. f3 Bd6 32. Qe3 Bb8 33. Qf2 h5 34.
Bd3 Qg5 35. Be4 Bf4 36. h4 Qf6 37. Bxc6 Qxc6 38. g3 Bc7 39. Kg2 Bb6 40. Qe2 Bc7
41. d5 Qd6 42. f4 b4 43. Qe8+ Kg7 44. Qe5+ f6 45. Qxd6 Bxd6 46. Kf3 f5 47. Rc1
Kf7 48. Rc6 Ke7 49. Ke3 Kd7 50. Kd4 Ke7 51. Ra6 a4 52. bxa4 Kd7 53. Kc4 g5 54.
hxg5 h4 55. Rxd6+ Kxd6 56. gxh4 1-0

[Event "Madrid ch 2021-2022 - Previa A"]
[Site "Madrid ESP"]
[Date "2022.03.16"]
[Round "6.15"]
[White "Blazquez Sanz, Oscar"]
[Black "Amado Velazquez, Pedro"]
[Result "0-1"]
[WhiteElo "1464"]
[BlackElo "1755"]
[PlyCount "58"]
[EventDate "2022.03.07"]
[EventType "swiss"]
[EventRounds "9"]
[EventCountry "ESP"]
[SourceTitle "Ajedrez en Madrid"]
[Source "lmi"]
[SourceDate "2022.03.07"]
[SourceVersion "1"]
[SourceVersionDate "2022.04.04"]
[SourceQuality "1"]

1. e4 g6 2. d4 Bg7 3. Nf3 d6 4. c4 Bg4 5. Be2 Nd7 6. h3 Bxf3 7. Bxf3 e5 8. d5
a5 9. Be3 Bh6 10. Bxh6 Nxh6 11. Qd2 Ng8 12. Nc3 Nc5 13. Bd1 Nf6 14. f4 Nfxe4
15. Nxe4 Nxe4 16. Ba4+ Kf8 17. Qe3 Qh4+ 18. Kd1 Nf2+ 19. Ke2 Nxh1 20. Rxh1 Qxf4
21. Qb3 Kg7 22. Rf1 Qd4 23. Qxb7 Rhb8 24. Rxf7+ Kxf7 25. Qxc7+ Kf6 26. Qxd6+
Kg5 27. h4+ Kh6 28. Qf6 Rxb2+ 29. Kf1 Qf4+ 0-1

[Event "Madrid ch 2021-2022 - Previa A"]
[Site "Madrid ESP"]
[Date "2022.03.16"]
[Round "6.16"]
[White "Villodre Miranda, Juan Alonso"]
[Black "Barahona Torrijos, Angel"]
[Result "1-0"]
[WhiteElo "1563"]
[BlackElo "1822"]
[PlyCount "149"]
[EventDate "2022.03.07"]
[EventType "swiss"]
[EventRounds "9"]
[EventCountry "ESP"]
[SourceTitle "Ajedrez en Madrid"]
[Source "lmi"]
[SourceDate "2022.03.07"]
[SourceVersion "1"]
[SourceVersionDate "2022.04.04"]
[SourceQuality "1"]

1. c4 e6 2. d4 Nf6 3. Nc3 d5 4. cxd5 exd5 5. g3 Bb4 6. Bd2 O-O 7. Bg2 Nc6 8. a3
Bxc3 9. Bxc3 Ne4 10. Nf3 Bg4 11. h3 Be6 12. O-O Qd7 13. Kh2 f5 14. e3 Rf6 15.
Ne5 Nxe5 16. dxe5 Rh6 17. f4 Re8 18. Be1 Bf7 19. Bf3 g5 20. Be2 g4 21. h4 c5
22. Rc1 Rc8 23. b4 Rb6 24. bxc5 Rb2 25. Rc2 Rxc2 26. Qxc2 Rxc5 27. Qb2 Be6 28.
Bd3 a5 29. Bxe4 dxe4 30. Rf2 Rb5 31. Qd2 Rd5 32. Qb2 Rd3 33. Rd2 Bc4 34. Kg2
Qc6 35. Kf2 b5 36. Rc2 Qc5 37. Bd2 Rxa3 38. Rc3 b4 39. Rxa3 bxa3 40. Qb8+ Kf7
41. Qd8 a2 42. Qf6+ Ke8 43. e6 Qe7 44. Qd4 Bxe6 45. Bxa5 Qa3 46. Bc3 Qb3 47.
Qh8+ Kd7 48. Qg7+ Kc6 49. Qe5 Bc4 50. Qf6+ Kb5 51. Qxf5+ Bd5 52. Qe5 Qc2+ 53.
Ke1 Qd3 54. Bd4 Kc4 55. Qc7+ Kb4 56. Qc5+ Kb3 57. Qxd5+ Ka3 58. Qa5+ Kb3 59.
Qb6+ Ka4 60. Qb2 Qb1+ 61. Ke2 Qh1 62. Qxa2+ Kb5 63. Qb2+ Kc6 64. Qc3+ Kd7 65.
f5 Qg2+ 66. Kd1 Qxg3 67. f6 Qf3+ 68. Kc2 g3 69. Be5 Qe2+ 70. Kb3 Qd1+ 71. Kb4
Qb1+ 72. Kc5 Qd3 73. Qd4+ Ke6 74. Bxg3 Qc2+ 75. Qc4+ 1-0

[Event "Madrid ch 2021-2022 - Previa A"]
[Site "Madrid ESP"]
[Date "2022.03.16"]
[Round "6.17"]
[White "Jolani, Parnian"]
[Black "Bolea Olivan, Jose Angel"]
[Result "0-1"]
[WhiteElo "1553"]
[BlackElo "1810"]
[PlyCount "80"]
[EventDate "2022.03.07"]
[EventType "swiss"]
[EventRounds "9"]
[EventCountry "ESP"]
[SourceTitle "Ajedrez en Madrid"]
[Source "lmi"]
[SourceDate "2022.03.07"]
[SourceVersion "1"]
[SourceVersionDate "2022.04.04"]
[SourceQuality "1"]

1. e4 c5 2. c3 d5 3. exd5 Qxd5 4. d4 Nf6 5. Nf3 e6 6. Be2 Be7 7. c4 Qd8 8. Nc3
cxd4 9. Nxd4 a6 10. O-O Qc7 11. Qb3 Bd7 12. Na4 Nc6 13. Be3 Bd6 14. h3 Na5 15.
Qc2 Rc8 16. Rac1 O-O 17. c5 Bf4 18. Nb6 Bxe3 19. fxe3 Rcd8 20. Bf3 Nc6 21. Nxd7
Rxd7 22. Bxc6 bxc6 23. Qa4 Qe5 24. Rf3 Rc7 25. Qxa6 Nd5 26. Nxc6 Qxb2 27. Rcf1
Qc2 28. Nd4 Qe4 29. Qxe6 Qxf3 30. Qe5 Qxe3+ 31. Qxe3 Nxe3 32. Re1 Nd5 33. Nb3
g6 34. Re5 Nc3 35. a3 Ra8 36. Nd4 Rxa3 37. c6 Ra4 38. Re8+ Kg7 39. Rd8 Rxd4 40.
Rxd4 Ne2+ 0-1

[Event "Madrid ch 2021-2022 - Previa A"]
[Site "Madrid ESP"]
[Date "2022.03.16"]
[Round "6.18"]
[White "Maseda Iglesias, Luis"]
[Black "Rubio Rivera, Felix"]
[Result "0-1"]
[WhiteElo "1735"]
[BlackElo "1460"]
[PlyCount "72"]
[EventDate "2022.03.07"]
[EventType "swiss"]
[EventRounds "9"]
[EventCountry "ESP"]
[SourceTitle "Ajedrez en Madrid"]
[Source "lmi"]
[SourceDate "2022.03.07"]
[SourceVersion "1"]
[SourceVersionDate "2022.04.04"]
[SourceQuality "1"]

1. d4 Nf6 2. Nf3 g6 3. e3 Bg7 4. c4 O-O 5. Nc3 d6 6. Be2 c5 7. O-O Nbd7 8. d5
Nb6 9. e4 Bg4 10. Nd2 Bxe2 11. Qxe2 Nh5 12. f4 e6 13. g4 Nf6 14. h3 Re8 15. Qd3
a6 16. Nf3 exd5 17. exd5 Qd7 18. Be3 Re7 19. Rae1 Rae8 20. Bf2 Nxg4 21. Rxe7
Rxe7 22. hxg4 Qxg4+ 23. Kh2 Qxf4+ 24. Bg3 Qxc4 25. Qxc4 Nxc4 26. Na4 b5 27. b3
Re2+ 28. Rf2 Rxf2+ 29. Bxf2 Ne5 30. Kg2 bxa4 31. Nxe5 Bxe5 32. bxa4 f5 33. Be3
f4 34. Bd2 g5 35. Kf3 Kf7 36. Kg4 Kg6 0-1

[Event "Madrid ch 2021-2022 - Previa A"]
[Site "Madrid ESP"]
[Date "2022.03.16"]
[Round "6.21"]
[White "Bengoa Moreno, Oscar"]
[Black "Diaz Del Prado, Carlos"]
[Result "1-0"]
[WhiteElo "1629"]
[BlackElo "1375"]
[PlyCount "91"]
[EventDate "2022.03.07"]
[EventType "swiss"]
[EventRounds "9"]
[EventCountry "ESP"]
[SourceTitle "Ajedrez en Madrid"]
[Source "lmi"]
[SourceDate "2022.03.07"]
[SourceVersion "1"]
[SourceVersionDate "2022.04.04"]
[SourceQuality "1"]

1. c4 e5 2. d3 Nf6 3. Nc3 Bb4 4. Bd2 d5 5. cxd5 Nxd5 6. Nf3 Nc6 7. g3 Nxc3 8.
Bxc3 Bxc3+ 9. bxc3 O-O 10. Bg2 Bg4 11. O-O Re8 12. Qb3 Na5 13. Qa4 Bxf3 14.
Bxf3 c6 15. Rab1 b5 16. Qa3 Qc7 17. Qc5 a6 18. Rb4 Rac8 19. Rfb1 Qe7 20. Qb6 c5
21. R4b2 Qc7 22. Qxa6 Nc6 23. Qxb5 Ne7 24. Qb7 Qd6 25. Rb6 Qd8 26. Qa7 Nd5 27.
Bxd5 Qxd5 28. Rb8 Qe6 29. Rxc8 Rxc8 30. Rb8 g6 31. Rb7 Rc6 32. Re7 Qf5 33. Qa8+
Rc8 34. Re8+ Rxe8 35. Qxe8+ Kg7 36. a4 c4 37. Qb5 cxd3 38. Qxd3 e4 39. Qd4+ Kh6
40. c4 Qg4 41. Qe3+ Kg7 42. c5 Qe6 43. Qc3+ Kh6 44. c6 f5 45. c7 Qc8 46. a5 1-0

[Event "Madrid ch 2021-2022 - Previa A"]
[Site "Madrid ESP"]
[Date "2022.03.16"]
[Round "6.22"]
[White "Moya Barba, Diego"]
[Black "Ortega Molina, Tomas"]
[Result "1-0"]
[WhiteElo "1482"]
[BlackElo "1627"]
[PlyCount "143"]
[EventDate "2022.03.07"]
[EventType "swiss"]
[EventRounds "9"]
[EventCountry "ESP"]
[SourceTitle "Ajedrez en Madrid"]
[Source "lmi"]
[SourceDate "2022.03.07"]
[SourceVersion "1"]
[SourceVersionDate "2022.04.04"]
[SourceQuality "1"]

1. d4 d5 2. c4 c6 3. Nf3 Nf6 4. Nc3 Bf5 5. Bf4 Nbd7 6. h3 e6 7. e3 h6 8. Bd3
Ne4 9. Qc2 Bb4 10. O-O Bxc3 11. bxc3 g5 12. Bh2 h5 13. Ne5 Nxe5 14. Bxe5 f6 15.
Bh2 g4 16. h4 Rg8 17. Bg3 Qd7 18. cxd5 exd5 19. c4 Qe6 20. Bf4 Kf7 21. cxd5
cxd5 22. Qc7+ Qe7 23. Rfc1 Rac8 24. Qxe7+ Kxe7 25. Rab1 Rxc1+ 26. Rxc1 Rc8 27.
Rxc8 Bxc8 28. Bxe4 dxe4 29. Kf1 Ke6 30. Ke2 Kd5 31. Kd2 Kc4 32. Kc2 Bd7 33. Bd6
a5 34. Bc7 a4 35. Bd8 f5 36. a3 b5 37. Be7 f4 38. Bd6 fxe3 39. fxe3 Kd5 40. Be7
Ke6 41. Bg5 Bc6 42. Kc3 Kf5 43. g3 Bd5 44. Kb4 Bc6 45. Kc5 Be8 46. d5 Ke5 47.
Bh6 Kf6 48. Bg5+ Kf7 49. Bd8 Bd7 50. Bg5 Ke8 51. Bf6 Kf7 52. Kd6 Kxf6 53. Kxd7
b4 54. Kc6 b3 55. d6 b2 56. d7 b1=Q 57. d8=Q+ Kf7 58. Qd5+ Kf8 59. Qf5+ Kg7 60.
Qg5+ Kf8 61. Qh6+ Ke7 62. Qd6+ Kf7 63. Qd5+ Kf8 64. Kd7 Qd3 65. Qd6+ Qxd6+ 66.
Kxd6 Kf7 67. Ke5 Ke7 68. Kxe4 Ke6 69. Kf4 Kf6 70. e4 Ke6 71. Kg5 Ke5 72. Kxh5
1-0

[Event "Madrid ch 2021-2022 - Previa A"]
[Site "Madrid ESP"]
[Date "2022.03.21"]
[Round "7.1"]
[White "Palomo Monserrat, Lorenzo"]
[Black "Armenteros Peral, Javier"]
[Result "0-1"]
[WhiteElo "1645"]
[BlackElo "1992"]
[PlyCount "70"]
[EventDate "2022.03.07"]
[EventType "swiss"]
[EventRounds "9"]
[EventCountry "ESP"]
[SourceTitle "Ajedrez en Madrid"]
[Source "lmi"]
[SourceDate "2022.03.07"]
[SourceVersion "1"]
[SourceVersionDate "2022.04.04"]
[SourceQuality "1"]

1. d4 d5 2. c4 e6 3. Nc3 Nf6 4. cxd5 exd5 5. Bg5 Be7 6. e3 c6 7. Bd3 O-O 8.
Nge2 h6 9. Bh4 Ne4 10. Bxe7 Qxe7 11. Qc2 Bf5 12. O-O Nxc3 13. Bxf5 Nxe2+ 14.
Qxe2 Na6 15. a3 Nc7 16. b4 Nb5 17. Bd3 a6 18. Rfc1 Nd6 19. a4 f5 20. b5 axb5
21. axb5 Rxa1 22. Rxa1 f4 23. bxc6 bxc6 24. Rc1 fxe3 25. fxe3 Rc8 26. Ba6 Rb8
27. Bd3 Rb6 28. Re1 Qh4 29. Qf2 Qxf2+ 30. Kxf2 Rb2+ 31. Re2 Rxe2+ 32. Kxe2 Kf7
33. Kf3 Kf6 34. Kf4 g6 35. g4 Nc8 0-1

[Event "Madrid ch 2021-2022 - Previa A"]
[Site "Madrid ESP"]
[Date "2022.03.21"]
[Round "7.2"]
[White "Marcos Herrero, Francisco"]
[Black "Alvarez Abejon, Amilcar"]
[Result "1/2-1/2"]
[WhiteElo "1897"]
[BlackElo "1970"]
[PlyCount "23"]
[EventDate "2022.03.07"]
[EventType "swiss"]
[EventRounds "9"]
[EventCountry "ESP"]
[SourceTitle "Ajedrez en Madrid"]
[Source "lmi"]
[SourceDate "2022.03.07"]
[SourceVersion "1"]
[SourceVersionDate "2022.04.04"]
[SourceQuality "1"]

1. c4 c5 2. Nc3 Nc6 3. g3 g6 4. Bg2 Bg7 5. Nf3 d6 6. O-O Bf5 7. b3 Qd7 8. Bb2
Bh3 9. e3 Bxg2 10. Kxg2 e5 11. d4 Nf6 12. dxe5 1/2-1/2

[Event "Madrid ch 2021-2022 - Previa A"]
[Site "Madrid ESP"]
[Date "2022.03.21"]
[Round "7.3"]
[White "Moreno Torrero, Javier"]
[Black "Rodriguez Garcia, Jose Maria"]
[Result "1-0"]
[WhiteElo "1952"]
[BlackElo "1963"]
[PlyCount "105"]
[EventDate "2022.03.07"]
[EventType "swiss"]
[EventRounds "9"]
[EventCountry "ESP"]
[SourceTitle "Ajedrez en Madrid"]
[Source "lmi"]
[SourceDate "2022.03.07"]
[SourceVersion "1"]
[SourceVersionDate "2022.04.04"]
[SourceQuality "1"]

1. d4 f5 2. Nf3 Nf6 3. c4 e6 4. g3 d5 5. Bg2 c6 6. O-O Bd6 7. b3 Qe7 8. Nc3 O-O
9. Bb2 Nbd7 10. Qc2 Ne4 11. Nd2 Ng5 12. f4 Ne4 13. Ndxe4 fxe4 14. e3 b6 15.
cxd5 cxd5 16. Nb5 Ba6 17. a4 Rfc8 18. Qf2 Bb4 19. Rfc1 Nf6 20. Bh3 Rxc1+ 21.
Rxc1 Rc8 22. Rxc8+ Bxc8 23. Qc2 Ba6 24. Nc7 Bd3 25. Qc6 h6 26. Qxe6+ Qxe6 27.
Bxe6+ Kh7 28. Nxd5 Nxd5 29. Bxd5 Kg6 30. g4 Kf6 31. Kf2 Ke7 32. Bc4 Bc2 33. f5
Kf8 34. Ke2 a6 35. Bc1 b5 36. axb5 axb5 37. Bxb5 Bxb3 38. Bd2 Bd6 39. h3 Bd5
40. Ba5 Kf7 41. Kd2 g6 42. fxg6+ Kxg6 43. Bd8 Bb4+ 44. Ke2 Bd6 45. Be8+ Kg7 46.
Bd7 Bg3 47. Bf5 Bc4+ 48. Kd2 Bd5 49. h4 Bd6 50. g5 Bg3 51. h5 hxg5 52. Bxg5 Bf7
53. h6+ 1-0

[Event "Madrid ch 2021-2022 - Previa A"]
[Site "Madrid ESP"]
[Date "2022.03.21"]
[Round "7.4"]
[White "Sotoca Aguado, Jose"]
[Black "Lopez de Turiso, Jose Angel"]
[Result "0-1"]
[WhiteElo "1819"]
[BlackElo "1935"]
[PlyCount "128"]
[EventDate "2022.03.07"]
[EventType "swiss"]
[EventRounds "9"]
[EventCountry "ESP"]
[SourceTitle "Ajedrez en Madrid"]
[Source "lmi"]
[SourceDate "2022.03.07"]
[SourceVersion "1"]
[SourceVersionDate "2022.04.04"]
[SourceQuality "1"]

1. d4 f5 2. c4 Nf6 3. Nc3 d6 4. g3 g6 5. Bg2 Bg7 6. Nf3 O-O 7. O-O Nc6 8. d5
Ne5 9. Nxe5 dxe5 10. e4 f4 11. gxf4 exf4 12. f3 Nh5 13. Ne2 Be5 14. Nd4 c5 15.
Ne2 Qd6 16. Rb1 g5 17. h3 Qh6 18. Bd2 Ng3 19. Bc3 Bxc3 20. bxc3 Nxf1 21. Qxf1
Qf6 22. Qf2 b6 23. Bf1 Ba6 24. Qe1 Bxc4 25. Nc1 Bxf1 26. Kxf1 c4 27. Ne2 e5 28.
Rb2 Rac8 29. Ng1 Kf7 30. Qe2 Rc5 31. Rb4 Rfc8 32. Qg2 h5 33. Ne2 Rg8 34. Ng1
Ke7 35. Qe2 Rgc8 36. Qd1 Kd6 37. a4 Qd8 38. Qe2 Qc7 39. Qg2 Rg8 40. Qe2 Rc8 41.
Qg2 Qe7 42. Qe2 Qf6 43. Qg2 Kc7 44. Qe2 Kb7 45. Qa2 Ka8 46. Qe2 Qd6 47. Qg2 Rg8
48. Qe2 Qc7 49. Qg2 a5 50. Rb1 Ka7 51. Rd1 Qd6 52. Rb1 Rg6 53. Qe2 Qd7 54. Qd1
Rc7 55. Rb2 Qd6 56. Rg2 Qa3 57. h4 Qxc3 58. Rxg5 Rxg5 59. hxg5 Qb3 60. Qc1 c3
61. Ne2 Qb2 62. Qe1 Qd2 63. Qf2 c2 64. Qe1 c1=Q 0-1

[Event "Madrid ch 2021-2022 - Previa A"]
[Site "Madrid ESP"]
[Date "2022.03.21"]
[Round "7.5"]
[White "Gueler Berdasco, Martin"]
[Black "Cujba, Anca-Claudia"]
[Result "1-0"]
[WhiteElo "1957"]
[BlackElo "1657"]
[PlyCount "89"]
[EventDate "2022.03.07"]
[EventType "swiss"]
[EventRounds "9"]
[EventCountry "ESP"]
[SourceTitle "Ajedrez en Madrid"]
[Source "lmi"]
[SourceDate "2022.03.07"]
[SourceVersion "1"]
[SourceVersionDate "2022.04.04"]
[SourceQuality "1"]

1. c4 f5 2. Nc3 Nf6 3. Nf3 g6 4. b3 Bg7 5. Bb2 O-O 6. g3 d6 7. d4 c6 8. Bg2 Ne4
9. Nd2 Nxc3 10. Bxc3 Nd7 11. O-O Nf6 12. d5 Bd7 13. Qc2 cxd5 14. cxd5 Rc8 15.
Qb2 Rxc3 16. Qxc3 Ne4 17. Qe3 Nxd2 18. Qxd2 Bxa1 19. Rxa1 Qb6 20. Qg5 Qd4 21.
Rc1 Rf6 22. Rc7 Qd1+ 23. Bf1 Bb5 24. Qh6 Qxd5 25. Rc8+ Kf7 26. Qxh7+ Ke6 27.
Qg8+ Rf7 28. Rf8 Kf6 29. e4 Rxf8 30. Qxd5 Bc6 31. Qd4+ Ke6 32. Bc4+ Kd7 33. Bd5
e5 34. Bxc6+ Kxc6 35. Qxa7 fxe4 36. Qa4+ Kb6 37. Qb4+ Kc7 38. Qxe4 g5 39. Qh7+
Kb6 40. Qe7 Ra8 41. Qxd6+ Kb5 42. Qxe5+ Kb4 43. Qe7+ Kc3 44. a4 Ra5 45. Qxb7
1-0

[Event "Madrid ch 2021-2022 - Previa A"]
[Site "Madrid ESP"]
[Date "2022.03.21"]
[Round "7.6"]
[White "Hernandez Gutierrez, Jose"]
[Black "Carrera Cabaneros, Francisco"]
[Result "1-0"]
[WhiteElo "1732"]
[BlackElo "1805"]
[PlyCount "89"]
[EventDate "2022.03.07"]
[EventType "swiss"]
[EventRounds "9"]
[EventCountry "ESP"]
[SourceTitle "Ajedrez en Madrid"]
[Source "lmi"]
[SourceDate "2022.03.07"]
[SourceVersion "1"]
[SourceVersionDate "2022.04.04"]
[SourceQuality "1"]

1. d4 e6 2. c4 Nf6 3. g3 d5 4. Nf3 Be7 5. Bg2 c6 6. O-O O-O 7. Nc3 Re8 8. b3
Nbd7 9. Bb2 Nb6 10. Qd3 Qc7 11. Rac1 Bf8 12. e4 dxe4 13. Nxe4 Nxe4 14. Qxe4 Nd7
15. Rfd1 Nf6 16. Qd3 Qe7 17. Ne5 Rd8 18. Qe3 Nd7 19. Nd3 Nf6 20. h3 Bd7 21. Ne5
a6 22. Kh2 Rac8 23. Qe1 Be8 24. a4 Qb4 25. Bc3 Qxb3 26. Rb1 Qxa4 27. Rxb7 Rb8
28. Rxb8 Rxb8 29. Ra1 Qc2 30. Bxc6 Bxc6 31. Nxc6 Rb3 32. Rc1 Qf5 33. d5 Ne4 34.
Bxg7 Kxg7 35. Nd4 Qxf2+ 36. Qxf2 Nxf2 37. Nxb3 exd5 38. cxd5 Nd3 39. Rd1 Ne5
40. Ra1 Kf6 41. Rxa6+ Ke7 42. Nd4 Nc4 43. Nf5+ Kd7 44. Ra7+ Ke8 45. Ra8+ 1-0

[Event "Madrid ch 2021-2022 - Previa A"]
[Site "Madrid ESP"]
[Date "2022.03.21"]
[Round "7.7"]
[White "De Dompablo Fantova, Juan"]
[Black "Lopez Heras, Arturo"]
[Result "1-0"]
[WhiteElo "1670"]
[BlackElo "1757"]
[PlyCount "135"]
[EventDate "2022.03.07"]
[EventType "swiss"]
[EventRounds "9"]
[EventCountry "ESP"]
[SourceTitle "Ajedrez en Madrid"]
[Source "lmi"]
[SourceDate "2022.03.07"]
[SourceVersion "1"]
[SourceVersionDate "2022.04.04"]
[SourceQuality "1"]

1. e4 g6 2. d4 d6 3. Nc3 Bg7 4. Be3 Nf6 5. Qd2 Nc6 6. f3 O-O 7. O-O-O a6 8. Bh6
e5 9. Bxg7 Kxg7 10. dxe5 dxe5 11. Qe3 Qe7 12. g4 Be6 13. Kb1 Rad8 14. Rxd8 Rxd8
15. Nge2 Nd4 16. Ng3 b5 17. h4 b4 18. Nce2 Qc5 19. Nxd4 Rxd4 20. Bd3 a5 21. h5
Qf8 22. hxg6 fxg6 23. Qg5 Qf7 24. Qxe5 Bxa2+ 25. Ka1 Rxd3 26. cxd3 Kg8 27. Qxa5
b3 28. g5 Ne8 29. Qd5 Qxd5 30. exd5 Nd6 31. Ne4 Nf5 32. Nc3 Nd4 33. Nxa2 bxa2
34. Kxa2 Nxf3 35. Rc1 Nxg5 36. Rxc7 Nf7 37. b4 Nd6 38. Rc6 Nb5 39. d6 Kf7 40.
Rb6 Nd4 41. Rb7+ Ke6 42. Rxh7 Kxd6 43. Rh6 Kc6 44. Kb2 Kb5 45. Kc3 Ne2+ 46. Kd2
Nd4 47. Rxg6 Kxb4 48. Rg4 Kc5 49. Kc3 Ne2+ 50. Kd2 Nd4 51. Ke3 Nc2+ 52. Ke4 Nb4
53. Rg3 Kd6 54. Rg5 Nc6 55. Rh5 Nb4 56. d4 Nc6 57. Rh6+ Kd7 58. Kd5 Ne7+ 59.
Kc5 Nf5 60. Rh7+ Ke6 61. Ra7 Ne7 62. Ra6+ Kd7 63. d5 Nc8 64. Rh6 Ne7 65. Rh7
Kd8 66. Kd6 Nc8+ 67. Ke6 Nb6 68. d6 1-0